000 00785nac a22002051u 4500
010 _a2003046424
020 _a0070582025
082 0 0 _a621.3822
_bR6431
090 _c918
_d918
100 _aRoberts, Michael J.,
245 1 0 _aSignals and systems :
_banalysis using transform methods and MATLAB /
_cMichael J. Roberts.
250 _a1st ed.
260 _aDubuque, Iowa :
_bMcGraw-Hill,
_cc2004.
300 _axvii, 1054 p. :
_bill. ;
_c27 cm.
504 _aIncludes bibliographical references (p. 1040-1041) and index.
650 0 _aSignal processing.
650 0 _aSystem analysis.
942 _cBB
_k621.3822R6431
999 _c918
_d918